000 00567nam a2200229Ia 4500
003 OSt
005 20220924153231.0
006 a|||||r|||| 00| 0
007 ta
008 220923b |||||||| |||| 00| 0 guj d
024 _a347378
037 _cTextual
040 _aARTS
_cARTS
_bguj
041 _2guj
_aguj
082 _aR4v5:D9, 156E6
100 _aLecky
_9228368
245 0 _aEuropiy prajana archaranno itihas
260 _c1916
650 _aPHILOSOPHY
942 _hR4v5:D9, 156E6
_cTEXL
_2CC
999 _c472861
_d472861